Welcome to CU Library Online Public Access Catalogue (OPAC)

Water chemistry / (Record no. 1845)

MARC details
000 -LEADER
fixed length control field 00756pam a2200217 i 4500
001 - CONTROL NUMBER
control field 2281508
005 - DATE AND TIME OF LATEST TRANSACTION
control field 20241130123750.0
008 - FIXED-LENGTH DATA ELEMENTS--GENERAL INFORMATION
fixed length control field 790910s1980 nyua b 001 0 eng
020 ## - INTERNATIONAL STANDARD BOOK NUMBER
International Standard Book Number 0471051969 :
Terms of availability $21.95 (est.)
050 00 - LIBRARY OF CONGRESS CALL NUMBER
Classification number QD169.W3
Item number S66
082 00 - DEWEY DECIMAL CLASSIFICATION NUMBER
Classification number 546/.22/024628
100 1# - MAIN ENTRY--PERSONAL NAME
Personal name Snoeyink, Vernon L.
245 10 - TITLE STATEMENT
Title Water chemistry /
Statement of responsibility, etc. Vernon L. Snoeyink, David Jenkins.
260 ## - PUBLICATION, DISTRIBUTION, ETC.
Place of publication, distribution, etc. New York :
Name of publisher, distributor, etc. Wiley,
Date of publication, distribution, etc. c1980.
300 ## - PHYSICAL DESCRIPTION
Extent xiii, 463 p. :
Other physical details ill. ;
Dimensions 24 cm.
650 #0 - SUBJECT ADDED ENTRY--TOPICAL TERM
Topical term or geographic name entry element Water chemistry.
700 1# - ADDED ENTRY--PERSONAL NAME
Personal name Jenkins, David,
Dates associated with a name 1935-
Relator term joint author.
856 42 - ELECTRONIC LOCATION AND ACCESS
Materials specified Publisher description
Uniform Resource Identifier <a href="http://www.loc.gov/catdir/description/wiley031/79021331.html">http://www.loc.gov/catdir/description/wiley031/79021331.html</a>
856 4# - ELECTRONIC LOCATION AND ACCESS
Materials specified Table of Contents
Uniform Resource Identifier <a href="http://www.loc.gov/catdir/toc/onix01/79021331.html">http://www.loc.gov/catdir/toc/onix01/79021331.html</a>
942 ## - ADDED ENTRY ELEMENTS (KOHA)
Source of classification or shelving scheme Library of Congress Classification
Koha item type Books
Suppress in OPAC No
999 ## -
-- 1845
-- 1845
Holdings
Withdrawn status Lost status Source of classification or shelving scheme Damaged status Not for loan Collection Home library Current library Shelving location Date acquired Total checkouts Full call number Barcode Date last seen Copy number Price effective from Koha item type
    Library of Congress Classification     Non-fiction Science Library (Miotso) Science Library (Miotso) General stacks 11/30/2024   QD169 .W3S66 JEN SLM00001043 11/30/2024 1 11/30/2024 Books
    Library of Congress Classification     Non-fiction Science Library (Miotso) Science Library (Miotso) General stacks 11/30/2024   QD169 .W3S66 JEN SLM00001044 11/30/2024 2 11/30/2024 Books
    Library of Congress Classification     Non-fiction Science Library (Miotso) Science Library (Miotso) General stacks 11/30/2024   QD169 .W3S66 JEN SLM00001045 11/30/2024 3 11/30/2024 Books
    Library of Congress Classification     Non-fiction Science Library (Miotso) Science Library (Miotso) General stacks 11/30/2024   QD169 .W3S66 JEN SLM00001046 11/30/2024 4 11/30/2024 Books
© 2023-2024 Copyright: Central University Libraries. All Rights Reserved | Created by: Mahone Tech Office